| 000 -ლიდერი |
| ფიქსირებული სიგრძის საკონტროლო ველი |
01414nam a22002417a 4500 |
| 003 - საკონტროლო ნომრის იდენტიფიკატორი |
| საკონტროლო ველი |
Ge_BSU |
| 005 - ბოლო ოპერაციის თარიღი და დრო |
| საკონტროლო ველი |
20200521130357.0 |
| 008 - ფიქსირებული სიგრძის მონაცემთა ელემენტები - ზოგადი ინფორმაცია |
| ფიქსირებული სიგრძის საკონტროლო ველი |
200521s2015 xxu||||| |||| 00| 0 geo d |
| 020 ## - წიგნის საერთაშორისო სტანდარტული ნომერი |
| International Standard Book Number |
9789941942747 |
| 041 ## - ენის კოდი |
| Language code of text/sound track or separate title |
geo |
| 080 ## - უნივერსალური ათობითი კლასიფიკაციის ინდექსი |
| Universal Decimal Classification number |
347.47 ჩ-67 |
| 100 ## - მთავარი ჩანაწერი - პიროვნების სახელი |
| Personal name |
ჩიტაშვილი, ნათია, |
| 9 (RLIN) |
8140 |
| 245 ## - ცნობა სათაურის შესახებ |
| Title |
შეცვლილი გარემოებების გავლენა ვალდებულების შესრულებასა და მხარეთა შესაძლო მეორად მოთხოვნებზე : |
| Remainder of title |
(შედარებითი ანალიზი) / |
| Statement of responsibility, etc |
ნათია ჩიტაშვილი ; სამეც რედ. თამარ ზამბახიძე. |
| 264 ## - წარმოების, გამოცემის, დისტრიბუციის და სხვა ცნობები |
| გამოცემის, წარმოების, დისტრიბუციის... ადგილი |
თბილისი : |
| გამოცემის, წარმოების, დისტრიბუციის... სახელწოდება |
ბონა კაუზა, |
| გამოცემის, წარმოების, დისტრიბუციის... თარიღი |
2015. |
| 300 ## - ფიზიკური აღწერა |
| Extent |
420 გვ. ; |
| Dimensions |
20 სმ |
| 440 ## - სერიის ცნობა / დამატებულია ჩანაწერი - სათაური |
| Title |
იურისტის ბიბლიოთეკა |
| 9 (RLIN) |
137 |
| 504 ## - BIBLIOGRAPHY, ETC. NOTE |
| Bibliography, etc |
ბიბლიოგრ. : გვ. 396-413. |
| 546 ## - LANGUAGE NOTE |
| Language note |
პარალელური სათაური ინგლისურ ენაზე |
| 653 ## - INDEX TERM--UNCONTROLLED |
| Uncontrolled term |
სახელშეკრულებო სამართალი. |
| 653 ## - INDEX TERM--UNCONTROLLED |
| Uncontrolled term |
სამრთალი |
| 700 ## - ADDED ENTRY--PERSONAL NAME |
| Personal name |
ზამბახიძე, თამარ |
| Relator term |
სამეცნიერო რედაქტორი |
| 9 (RLIN) |
8141 |
| 942 ## - ADDED ENTRY ELEMENTS (KOHA) |
| Source of classification or shelving scheme |
|
| Koha item type |
წიგნი |